Možnosti granulácie aktivovaného biosorbentu

Salvato in:
Dettagli Bibliografici
Autore principale: Makovini, Kristína (Autore)
Altri autori: Imreová, Zuzana (Relatore della tesi)
Natura: Manoscritto Libro
Lingua:slovacco
Pubblicazione: 2025
Soggetti:
Accesso online:http://is.stuba.sk/zp/portal_zp.pl?podrobnosti=158111
Tags: Aggiungi Tag
Nessun Tag, puoi essere il primo ad aggiungerne!!

MARC

LEADER 00000ntm a22000003a 4500
001 stuzp105228
003 SK-STU
005 20250628212444.8
007 ta
008 150427s2015----xo-----f-mn---000-0-slo-d
040 |a STU  |b slo 
041 0 |a slo 
100 1 |a Makovini, Kristína  |u 046290  |4 aut  |U FCHPT Ústav chemického a environmentálneho inžinierstva  |T FCHPT Oddelenie environmentálneho inžinierstva  |X 105422  |U C6290  |Y 120  |7 105422 
242 0 1 |a Granulation options for activated biosorbent  |y eng 
245 1 0 |a Možnosti granulácie aktivovaného biosorbentu 
260 |c 2025 
650 4 |a biochar  |2 slo 
650 4 |a alginát sodný  |2 slo 
650 4 |a diklofenak  |2 slo 
650 4 |a sorpcia  |2 slo 
650 4 |a granulácia  |2 slo 
650 4 |a biochar  |2 eng 
650 4 |a sodium alginate  |2 eng 
650 4 |a diclofenac  |2 eng 
650 4 |a sorption  |2 eng 
650 4 |a granulation  |2 eng 
700 1 |a Imreová, Zuzana  |u 046290  |k Z1  |4 ths  |U FCHPT Ústav chemického a environmentálneho inžinierstva  |T FCHPT Oddelenie environmentálneho inžinierstva  |X 25622  |U C6290  |Y 120  |7 A000025622 
856 4 |u http://is.stuba.sk/zp/portal_zp.pl?podrobnosti=158111